[Event "ROM-ch U12 Girls"]
[Site "Calimanesti"]
[Date "2018.03.29"]
[Round "3"]
[White "Virgolici, Diana Maria"]
[Black "Calianu Voinea, Maria Raisa"]
[Result "1/2-1/2"]
[WhiteElo "1133"]
[BlackElo "1001"]
[PlyCount "24"]
[EventDate "2018.03.27"]
[EventType "swiss"]
[EventRounds "9"]
[EventCountry "ROU"]
[SourceTitle "CBM 183 Extra"]
[Source "ChessBase"]
[SourceDate "2018.04.19"]
[SourceVersion "1"]
[SourceVersionDate "2018.04.19"]
[SourceQuality "1"]

1. e4 e5 2. Nf3 Nc6 3. Bb5 a6 4. Ba4 Nf6 5. 0-0 d5 6. Nxe5 Bd7 7. Nxc6 Bxc6 8. Bxc6+ bxc6 9. e5 Ne4 10. d4 Be7 11. Be3 Bg5 12. Bxg5 Qxg5 1/2-1/2

[Event "ROM-ch U12 Girls"]
[Site "Calimanesti"]
[Date "2018.03.27"]
[Round "1"]
[White "Slobozeanu, Ioana Raluca"]
[Black "Calianu Voinea, Maria Raisa"]
[Result "1-0"]
[WhiteElo "1266"]
[BlackElo "1001"]
[PlyCount "24"]
[EventDate "2018.03.27"]
[EventType "swiss"]
[EventRounds "9"]
[EventCountry "ROU"]
[SourceTitle "CBM 183 Extra"]
[Source "ChessBase"]
[SourceDate "2018.04.19"]
[SourceVersion "1"]
[SourceVersionDate "2018.04.19"]
[SourceQuality "1"]

1. e4 e5 2. Nf3 Nc6 3. d4 exd4 4. Nxd4 Bc5 5. Nb3 d6 6. Nxc5 dxc5 7. Qxd8+ Nxd8 8. Be3 b6 9. Bb5+ c6 10. Be2 Nf6 11. f3 0-0 12. Nc3 Ne6 1-0

[Event "ROM-ch U10 Girls"]
[Site "Calimanesti Caciulata"]
[Date "2016.04.25"]
[Round "9"]
[White "Calianu Voinea, Maria Raisa"]
[Black "Jurkovschi, Aida Maria"]
[Result "0-1"]
[WhiteElo "1001"]
[BlackElo "1044"]
[PlyCount "100"]
[EventDate "2016.04.18"]
[EventType "swiss"]
[EventRounds "9"]
[EventCountry "ROU"]
[SourceTitle "EXT 2017"]
[Source "ChessBase"]
[SourceDate "2016.10.25"]
[SourceVersion "1"]
[SourceVersionDate "2016.10.25"]
[SourceQuality "1"]

1. e4 e5 2. Qf3 Nf6 3. Qe2 Bc5 4. Qd1 Nxe4 5. Bc4 0-0 6. Bd3 Nxf2 7. Qh5 h6 8. Qf5 Nxd3+ 9. Kd1 Nf2+ 10. Ke2 Nxh1 11. Nc3 d6 12. Qf1 Nc6 13. a3 Nd4+ 14. Kd1 Nc6 15. Nge2 Nf2+ 16. Ke1 Qf6 17. d3 Qh4 18. Bd2 Nxd3+ 19. Kd1 Nxb2+ 20. Kc1 Nc4 21. Be1 Qg5+ 22. Bd2 Qxd2+ 23. Kb1 Ne3 24. Qc1 Qxc1+ 25. Nxc1 Re8 26. N3e2 Re6 27. Kb2 Nxg2 28. h3 Rf6 29. Nb3 Bb6 30. Rd1 Bxh3 31. a4 a5 32. Rh1 Bg4 33. Ng3 Rf3 34. Ne2 Rf2 35. Ng3 Re8 36. Ne4 Rf3 37. Nbd2 Bd4+ 38. c3 Bxc3+ 39. Nxc3 Rf2 40. Rd1 Bxd1 41. Nxd1 Rxd2+ 42. Kc1 Rd4 43. Nc3 Re6 44. Kb1 Rf6 45. Kc1 Rc4 46. Kb2 Nd4 47. Nd1 Rf3 48. Ka2 Rc2+ 49. Kb1 Rf1 50. Ka1 Rxd1# 0-1

[Event "ROM-ch U10 Girls"]
[Site "Calimanesti Caciulata"]
[Date "2016.04.24"]
[Round "8"]
[White "Grigor, Maria"]
[Black "Calianu Voinea, Maria Raisa"]
[Result "1/2-1/2"]
[WhiteElo "1003"]
[BlackElo "1001"]
[PlyCount "21"]
[EventDate "2016.04.18"]
[EventType "swiss"]
[EventRounds "9"]
[EventCountry "ROU"]
[SourceTitle "CBM 172 Extra"]
[Source "ChessBase"]
[SourceDate "2016.06.21"]
[SourceVersion "1"]
[SourceVersionDate "2016.06.21"]
[SourceQuality "1"]

1. e4 e5 2. Nf3 Nf6 3. Bc4 Bc5 4. Nc3 d6 5. Ng5 0-0 6. Bxf7+ Rxf7 7. Nxf7 Kxf7 8. 0-0 Bg4 9. Qe1 Bd7 10. d3 Nh5 11. Rb1 1/2-1/2

[Event "ROM-ch U10 Girls"]
[Site "Calimanesti Caciulata"]
[Date "2016.04.23"]
[Round "7"]
[White "Calianu Voinea, Maria Raisa"]
[Black "Popescu, Alexandra"]
[Result "0-1"]
[WhiteElo "1001"]
[BlackElo "1001"]
[PlyCount "64"]
[EventDate "2016.04.18"]
[EventType "swiss"]
[EventRounds "9"]
[EventCountry "ROU"]
[SourceTitle "CBM 172 Extra"]
[Source "ChessBase"]
[SourceDate "2016.06.21"]
[SourceVersion "1"]
[SourceVersionDate "2016.06.21"]
[SourceQuality "1"]

1. e4 e5 2. Nf3 Nc6 3. Bb5 Qe7 4. Bxc6 bxc6 5. 0-0 Ba6 6. Re1 0-0-0 7. Nc3 Bb7 8. Qe2 Nf6 9. d3 Qe6 10. Ng5 Qe7 11. Qe3 c5 12. Na4 d6 13. a3 h6 14. Nf3 Ng4 15. Qe2 Bc6 16. Nc3 Qf6 17. h3 Qg6 18. Nd2 Nf6 19. Nf3 Qh5 20. Rb1 Be7 21. b4 cxb4 22. axb4 Nd7 23. b5 Bb7 24. Qe3 Nb6 25. Na4 c5 26. Bd2 Rd7 27. Ba5 Nxa4 28. b6 axb6 29. Bxb6 Bg5 30. Nxg5 hxg5 31. Qd2 g4 32. hxg4 Qh1# 0-1

[Event "ROM-ch U10 Girls"]
[Site "Calimanesti Caciulata"]
[Date "2016.04.18"]
[Round "1"]
[White "Calianu Voinea, Maria Raisa"]
[Black "Cojocaru Mlesnita, Nicoleta"]
[Result "0-1"]
[WhiteElo "1001"]
[BlackElo "1017"]
[PlyCount "70"]
[EventDate "2016.04.18"]
[EventType "swiss"]
[EventRounds "9"]
[EventCountry "ROU"]
[SourceTitle "CBM 172 Extra"]
[Source "ChessBase"]
[SourceDate "2016.06.21"]
[SourceVersion "1"]
[SourceVersionDate "2016.06.21"]
[SourceQuality "1"]

1. e4 e5 2. Nf3 Nc6 3. Be2 Bc5 4. Rf1 Nge7 5. Nc3 0-0 6. Bd3 d6 7. Ng5 Be6 8. Qh5 h6 9. Nf3 Qd7 10. Be2 Bg4 11. Qh4 Nb4 12. Bb5 c6 13. h3 Bxf3 14. gxf3 cxb5 15. Rg1 Nxc2+ 16. Kd1 Nxa1 17. Qg3 Ng6 18. Qg2 b4 19. Nd5 b3 20. axb3 Nxb3 21. f4 Nd4 22. Qg3 Rac8 23. d3 Nf5 24. exf5 Qxf5 25. Be3 Qxd3+ 26. Ke1 Qxd5 27. f5 Bxe3 28. fxg6 Rc1+ 29. Ke2 Rxg1 30. Qxg1 Qd2+ 31. Kf3 fxg6+ 32. Kg4 Qe2+ 33. Kh4 Bxf2+ 34. Qxf2 Qxf2+ 35. Kg4 Qf4# 0-1